Mitchell's Advanced Building Consturction (Record no. 17747)

MARC details
000 -LEADER
fixed length control field 00413nam a2200157Ia 4500
008 - FIXED-LENGTH DATA ELEMENTS--GENERAL INFORMATION
fixed length control field 220803s9999 xx 000 0 und d
041 ## - LANGUAGE CODE
Language code of text/sound track or separate title eng
082 ## - DEWEY DECIMAL CLASSIFICATION NUMBER
Classification number 690 NIE
100 ## - MAIN ENTRY--PERSONAL NAME
Personal name Nield D
9 (RLIN) 27867
245 ## - TITLE STATEMENT
Title Mitchell's Advanced Building Consturction
250 ## - EDITION STATEMENT
Edition statement 17th
260 ## - PUBLICATION, DISTRIBUTION, ETC. (IMPRINT)
Place of publication, distribution, etc. London
Name of publisher, distributor, etc. B T Batsford Ltd--
Date of publication, distribution, etc. 1959
300 ## - PHYSICAL DESCRIPTION
Extent 444p
650 ## - SUBJECT ADDED ENTRY--TOPICAL TERM
Topical term or geographic name as entry element Building Technology
9 (RLIN) 27868
700 ## - ADDED ENTRY--PERSONAL NAME
Personal name Nield D Rev.
9 (RLIN) 27869
Holdings
Withdrawn status Lost status Damaged status Not for loan Home library Current library Shelving location Date acquired Full call number Barcode Date last seen Bill Date Koha item type Original Barcode Total Checkouts
      Reference Dr. Bhanuben Nanavati College of Architecture Dr. Bhanuben Nanavati College of Architecture   01/09/2009 690 NIE BNCA-DB-214 03/08/2022 03/08/2022 Donated Book DB000214  
        Dr. Bhanuben Nanavati College of Architecture Dr. Bhanuben Nanavati College of Architecture   01/09/2009 690 NIE BNCA-DB-215 03/08/2022 03/08/2022 Donated Book DB000215